| 000 | 00799aas a2200241 4500 | ||
|---|---|---|---|
| 999 |
_c16907 _d16907 |
||
| 005 | 20180419064215.0 | ||
| 008 | 180419c1983 ck uu|p|r|||| 00| 0 spa d | ||
| 022 | _a0120-4351 | ||
| 040 |
_aCO-BoIAVH _cCO-BoIAVH |
||
| 041 | 0 | _aspa | |
| 044 | _ack | ||
| 090 | _aSE | ||
| 245 | 1 | 0 | _aFlora de Colombia |
| 260 |
_aBogotá (Colombia) : _bUniversidad Nacional de Colombia, Instituto de Ciencias Naturales, _c1983-. |
||
| 300 |
_bilustraciones y mapas : _c24 cm. |
||
| 310 | _au | ||
| 321 | _az | ||
| 504 | _aIncluye referencias bibliográficas. | ||
| 650 | 2 | 6 |
_aFlora _zColombia _vPublicaciones periódicas |
| 650 | 2 | 6 |
_aBotánica _zColombia _vPublicaciones periódicas |
| 710 | 2 |
_aUniversidad Nacional de Colombia _bInstituto de Ciencias Naturales |
|
| 942 |
_cREVISTA _2z _s1 |
||